1537 1425 1498 1911 1321 1221 1163 1786 1075 1663 1812 1776 1271 1441 1985 1603 1788 1458 1088 1672 1643 1898 1222 1364 1052 1630 1049 1330 1141 1404 1796 1649 1033 1869 1476 1531 1433 1925 1110 1954 1315 1027 1990 1685 1128 1258 1094 1507 1014 1249 1916 1609 1208 1005 1822 1482 1541 1501 1868 1662 1274 1921 1827 1497 1803 1332 1526 1067 1474 1053 1030 1432 1045 1103 1118 1910 1685 1761 1257 1353 1002 1778 1626 1263 1919 1397 1852 1522 1762 1811 1390 1271 1551 1587 1288 1868 1626 1820 1492 BCNSPRNW ULIB Ver.6.0+V

เปลี่ยนเป็นภาษาไทย

Change to English
 แสดงรายละเอียดบรรณานุกรม
  กลับหน้าหลัก

Brief Record : Get Marc (ISO 2709) : E-mail record : QR code < ปิดหน้าต่าง
LEADER : 00000nam 2200000uu 4500
001    13399114058
003     ULIB
008    110627s||||||||th 000 0 tha d
020    9789747503159
090    นว.^bซ118ก 2550
100 0  ซอย ยูริ
245 00 กรุ่นกลิ่นไปรักดอกไม้แดง 2/^cซอย ยูริ
250    พิมพ์ครั้งที่ 1
260    กรุงเทพฯ :^bแจ่มใส,^c2550
300    229 หน้า
710 1  แจ่มใส
945    ^p0^l0^i021045
995    ทศพร
999 ^a ใช้งานได้ทุกระบบ
รายการนี้ยังไม่มีแท็ก
คุณยังไม่ได้ล็อกอิน คุณสามารถมีกิจกรรมร่วมกับเว็บไซต์ได้ แต่ต้องล็อกอินก่อน ::
  ล็อกอิน

รายการสื่อสารสนเทศ

ลำดับที่ ประเภท เลขเรียก/บาร์โค้ด สถานที่ สถานะ
1. นวนิยาย
นวนิยาย
นว. ซ118ก 2550 ฉ.1 
  Barcode: 021045
ห้องสมุดวิทยาเขตสวรรค์ประชารักษ์
►นวนิยาย
บนชั้น
  ขอยืม

รายการใกล้เคียง
    ผู้แต่ง [ซอย ยูริ]

BibComment


ยังไม่เคยถูกคอมเมนท์

คอมเมนท์ทรัพยากรรายการนี้
  คอมเมนท์: กรุ่นกลิ่นไปรักดอ..


 Copyright 2026. Bcnsprnw @Library